An introduction to abstract algebra /
Guardado en:
| Autor Principal: | |
|---|---|
| Formato: | Libro |
| Idioma: | English |
| Publicado: |
New York : London :
J. Wiley ; Chapman & Hall,
1940.
|
| Materias: | |
| Etiquetas: |
Agregar Etiqueta
Sin Etiquetas, Sea el primero en etiquetar este registro!
|
| LEADER | 00832cam a22002171a 4500 | ||
|---|---|---|---|
| 001 | MAT.inmabb005629 | ||
| 008 | 861219s1940####nyu######b####000#0#eng## | ||
| 005 | 20170822130131.0 | ||
| 245 | 1 | 3 | |a An introduction to abstract algebra / |c by Cyrus Colton MacDuffee ... |
| 260 | |a New York : |b J. Wiley ; |a London : |b Chapman & Hall, |c 1940. | ||
| 300 | |a vii, 303 p. ; |c 24 cm. | ||
| 500 | |a "The present book is designed primarily to be used as a textbook by beginning graduate students in American universities."--Pref. | ||
| 504 | |a "Suggested readings" at end of each chapter. | ||
| 510 | 4 | |a MR, |c MR0003591 | |
| 100 | 1 | |a MacDuffee, Cyrus Colton, |d 1895- | |
| 084 | |a 08-XX |2 msc2000 | ||
| 650 | 0 | |a Algebra, Abstract. | |
| 650 | 0 | |a Algebraic fields. | |
| 010 | |a 40033261 | ||
| 040 | |a DLC/ICU |c ICU |d DLC | ||
| 859 | |h 08 |i M139 |p A-2163 |b BIB. MATEMATICA | ||
